| 000 | 00882 a2200289 4500 | ||
|---|---|---|---|
| 001 | 77743 | ||
| 999 |
_c77743 _d2201 |
||
| 003 | TR-AnTOB | ||
| 005 | 20210405120210.0 | ||
| 008 | 100626s1993 tu 000 0 | ||
| 040 | _aTR-AnTOB | ||
| 041 | _atur | ||
| 050 |
_aJC423 _b.D3319 |
||
| 090 | _aJC423 .D3319 1993 | ||
| 100 | 1 |
_aDahl, Robert A., _d1915-2014 _962802 |
|
| 245 | 1 | 0 |
_aDemokrasi ve eleştirileri / _cRobert A. Dahl ; çeviren Levent Köker. |
| 264 | 1 |
_aAnkara : _bYetkin, _c1993. |
|
| 300 |
_aVIII, 501 s. _c24 cm. |
||
| 500 | _aÖzgün adı: Democracy and its critics. | ||
| 500 | _a"Türk Siyasi İlimler Derneği ile Türk Demokrasi Vakfı'nın ortak yayınıdır. | ||
| 504 | _aDizin var. | ||
| 504 | _aKaynakça: s. 469-484. | ||
| 650 | 7 |
_aDemokrasi _xTarih _2etuturkob _97136 |
|
| 650 |
_aDemocracy _zTurkey _vCongresses _98993 |
||
| 902 | _a31033 | ||
| 903 | _aMerkez Kütüphane. | ||
| 942 | _cBK | ||